|
|
|
|
| LEADER |
00903nab a2200229 i 4500 |
| 001 |
misc63716 |
| 005 |
20230201155059.0 |
| 008 |
220802s1971 hu o 0|| ger d |
| 040 |
|
|
|a SZTE Miscellanea Repozitórium
|b hun
|
| 041 |
|
|
|a ger
|
| 100 |
1 |
|
|a Menges Karl Heinrich
|
| 245 |
1 |
4 |
|a Zur Etymologie von türkisch avurt etc. 'Mundvoll', avuč, avut/adut 'Handvoll'
|h [elektronikus dokumentum] /
|c Menges Karl Heinrich
|
| 260 |
|
|
|a Harrassowitz
|b Wiesbaden
|c 1971
|
| 300 |
|
|
|a 139-143
|c 25 cm
|
| 300 |
|
|
|a [5] p.
|c 25 cm
|
| 490 |
0 |
|
|a Zentralasiatische Studien des Seminars für Sprach- und Kulturwissenschaft Zentralasiens der Universität Bonn
|
| 561 |
|
|
|a Németh Gyula hagyaték
|
| 591 |
|
|
|a NOA 3644
|
| 650 |
|
4 |
|a Bölcsészettudományok
|
| 650 |
|
4 |
|a Nyelvek és irodalom
|
| 695 |
|
|
|a Török nyelv - etimológia
|
| 856 |
4 |
0 |
|u http://misc.bibl.u-szeged.hu/63716/1/3644_noa_m53.pdf
|z Dokumentum-elérés
|